000 00328cam a2200133ua 4500
999 _c15420
_d15420
020 _a9789339219664
082 _a005.133
_bBAL/PR
100 _aBalagurusamy, E .
_9363
245 _aProgramming in ANSI C /
250 _a7
260 _aChennai :
_bMc-Graw Hill Publishing Company ,
_c2017
300 _a563p ; .
942 _cBK